000 00805nam a22002777a 4500
001 BR2017000327
003 BR-BrBNA
005 20230928105030.0
007 ta
008 230509b bl.||||| |||| 00| 0 por d
040 _aBR-BrBNA
_bpor
_cBiblioteca Nacional de Agricultura
041 _a(Por)
072 _aN01; F01
_b3240
090 _ 3240 BR2017000327
100 1 _aMachado Neto, J.G.
245 1 _aSegurança no trabalho com agrotóxicos em cultura de eucalipto
260 3 _aJaboticabal, SP (Brasil):
_c2001.
300 _a105 p.
500 _aBibliography p. 101-105; Summary (Por); 22 illus.; 29 tables
650 _aPREVENÇAO DE ACIDENTE
650 _aAGROTÓXICO
650 _aPRODUÇÃO VEGETAL
650 _aEUCALIPTO
909 _a202309
_bLucia
_c55
_dLucia Elande
942 _cBK
999 _c83030
_d83030